00391 2200145 4500001002100000005001500021035002000036245008000056100002600136300001100162260003800173082000800211084001400219990001200233INLIS00000000000234520250528103128 a0010-05250006371 aPanen Ayam Kampung Dalam 7 Minggu Bebas Flu Burung /cAsep Anang Suharyanto0 aAsep Anang Suharyanto a68 hlm aJakarta :bPenebar Swadaya,c2007 a600 a600 ASE p a0712343